000 01383nam a22002177a 4500
003 OSt
005 20260511112819.0
008 260511b |||||||| |||| 00| 0 eng d
020 _a9780753808573
040 _aKenya National Library Service
082 _a597.96 TWI
100 _aTwigger, Robert
_eAuthor
245 _aBig Snake :
_bthe hunt for the world's longest python /
_cRobert Twigger.
300 _a319 pages :
_billustrations ;
_c20 cm.
520 _aAbout to be married, Robert Twigger decides on his last great adventure as a bachelor. Surfing the net, he discovers the Roosevelt Prize - worth $50,000 - for the capture of a live 30 foot python. Armed only with a tin of High Toast Snuff (deadly if sniffed by a snake), Twigger sets off into the remote jungles of Indonesia in search of his prey. Along the way, he investigates the legendarily beautiful women of Sulawesi, treads in Nabokov's footsteps, looks for giant snakes beneath the sewers of Kuala Lumpur, and spends time with a variety of snake catchers and cults. After being caught up in anti-Chinese riots and surviving on greasy civet cat in the jungle, Twigger finally comes face to face with the big one; but the final capture is not quite what he had in mind.
650 _aSnakes.
650 _aReptiles.
942 _2ddc
_cBK
_n0
999 _c492657
_d492657